Introduction to artificial intelligence / (Record no. 179617)
[ view plain ]
| 000 -LEADER | |
|---|---|
| fixed length control field | 00949 a2200217 4500 |
| 003 - CONTROL NUMBER IDENTIFIER | |
| control field | Nust |
| 005 - DATE AND TIME OF LATEST TRANSACTION | |
| control field | 20220719182620.0 |
| 010 ## - LIBRARY OF CONGRESS CONTROL NUMBER | |
| LC control number | 84014542 |
| 020 ## - INTERNATIONAL STANDARD BOOK NUMBER | |
| International Standard Book Number | 0201119455 : |
| 040 ## - CATALOGING SOURCE | |
| Transcribing agency | Nust |
| 082 00 - DEWEY DECIMAL CLASSIFICATION NUMBER | |
| Classification number | 001.535,CHA |
| 100 1# - MAIN ENTRY--PERSONAL NAME | |
| Personal name | Charniak, Eugene. |
| 9 (RLIN) | 90080 |
| 245 10 - TITLE STATEMENT | |
| Title | Introduction to artificial intelligence / |
| Statement of responsibility, etc. | Eugene Charniak, Drew McDermott. |
| 260 ## - PUBLICATION, DISTRIBUTION, ETC. | |
| Place of publication, distribution, etc. | Reading, Mass. : |
| Name of publisher, distributor, etc. | Addison-Wesley, |
| Date of publication, distribution, etc. | c1985. |
| 300 ## - PHYSICAL DESCRIPTION | |
| Extent | xvii, 701 p. : |
| Other physical details | ill. ; |
| Dimensions | 24 cm. |
| 505 ## - FORMATTED CONTENTS NOTE | |
| Formatted contents note | AI an Internal Representation (Page-1), Lisp (Page-33), Vision (Page-87), Parsing Language (Page-169), Search (Page-255), Logic and Deduction (Page-319), Memory Organization and Deduction (Page-393), Abduction Uncertainty and Expert Systems (Page-453), Managing Plans of Action (Page-485), Language Comprehension (Page-555), Learning (Page-609). |
| 538 ## - SYSTEM DETAILS NOTE | |
| System details note | |
| 650 #0 - SUBJECT ADDED ENTRY--TOPICAL TERM | |
| Topical term or geographic name entry element | Artificial intelligence. |
| 700 1# - ADDED ENTRY--PERSONAL NAME | |
| Personal name | McDermott, Drew V. |
| 9 (RLIN) | 93891 |
| 942 ## - ADDED ENTRY ELEMENTS (KOHA) | |
| Source of classification or shelving scheme | |
| Koha item type | Book |
| Call number prefix | 001.535,CHA |
| Withdrawn status | Lost status | Source of classification or shelving scheme | Damaged status | Not for loan | Permanent Location | Current Location | Shelving location | Date acquired | Full call number | Barcode | Date last seen | Price effective from | Koha item type | Public note |
|---|---|---|---|---|---|---|---|---|---|---|---|---|---|---|
| Military College of Signals (MCS) | Military College of Signals (MCS) | General Stacks | 12/12/2016 | 001.535,CHA | MCS25025 | 12/08/2016 | 12/12/2016 | Book | Almirah No.8, Shelf No.1 |
